Quizzes
Events
Quiz Creation
Community
Videos
Private Events
Remove Ads
Sign In
Join for FREE
Feedback
Dark Mode
Quiz Categories
Sports
Geography
Music
Movies
Television
Just For Fun
Miscellaneous
History
Literature
Language
Science
Gaming
Entertainment
Religion
Holiday
For Kids
Quiz Lab
Recent
Popular Today
Quiz Kudos Today
Editor Picks
Curator Picks
Quizzes by...
Day
Popularity
Type
Ratings
Length
Year
Community
Subscriptions
Recent Discussions
Orange Saloon
Badges
Playlists
Quests
Create
Leaderboards
Showdown
Live 5
Trivia Bingo
Activity
Puzzle Library
Sporcle Events
Private Events
Virtual Trivia
Globe League
Become a Host
Pub Owners
SporcleCon
Opinionation
Our Games
Videos
Blog
Mobile Apps
Partnerships
Remove Ads and Go Orange
Feedback
Music
Pop Music
The Beatles
Song
Album
Lyrics
Bands
Singers
Artist
Clip
Rock
Rap
Classical
Billboard
Country Music
Kpop
Taylor Swift
Music
Pop Music
The Beatles
Song
Album
Lyrics
Bands
Singers
Artist
Clip
Rock
Rap
Classical
Billboard
Country Music
Kpop
Taylor Swift
Random Quiz
Search Sporcle
×
Editor Pick
Editor Pick
Music
Clickable
Select answers by clicking on text or image buttons
Select answers by clicking on text or image buttons
Clickable
Best Score? Go Orange.
♫♬ Vote For the BEST #1 songs ♬♫ Stats
Can you pick the songs that YOU THINK ARE THE BEST #1 songs in the history of the Hot 100?
By
rockgolf
15m
128 Questions
2,369 Plays
2,369 Plays
2,369 Plays
Comments
Comments
Give Quiz Kudos
Give Quiz Kudos
-
- Ratings
hide this ad
More Info
Random Order
Randomize order of answers
Randomize order of answers
Replay
Link that replays current quiz
Next Quiz
Link to next quiz in quiz playlist
You Got
0%
They Got
Avg Score
39%
Avg Friend Score
Upgrade to see
Score Distribution
Jump to the score distribution portion of the page
Score
0/128
Timer
15:00
0
Plays Today
% Correct
Hey Jude ⁄ Beatles (68)
58.5%
Let It Be ⁄ Beatles (70)
56.6%
Hotel California ⁄ Eagles (77)
54%
(I Can't Get No) Satisfaction ⁄ Rolling Stones (65)
53.8%
Billie Jean ⁄ Michael Jackson (83)
51.7%
Sweet Child O' Mine ⁄ Guns N' Roses (88)
51.5%
Yesterday ⁄ Beatles (65)
51.2%
Paint It, Black ⁄ Rolling Stones (66)
51.1%
American Pie (Parts 1 & 2) ⁄ Don McLean (72)
50.8%
Another One Bites The Dust ⁄ Queen (80)
50.4%
Another Brick In The Wall (Part II) ⁄ Pink Floyd (80)
50%
Come Together ⁄ Beatles (69)
49.1%
Respect ⁄ Aretha Franklin (67)
48.9%
Livin' On A Prayer ⁄ Bon Jovi (87)
48.2%
(Sittin' On) The Dock Of The Bay ⁄ Otis Redding (68)
48.1%
The House Of The Rising Sun ⁄ Animals (64)
48%
Beat It ⁄ Michael Jackson (83)
47.9%
Every Breath You Take ⁄ Police (83)
47.9%
Superstition ⁄ Stevie Wonder (73)
47.6%
Good Vibrations ⁄ Beach Boys (66)
47.4%
Mrs. Robinson ⁄ Simon & Garfunkel (68)
47.2%
Bridge Over Troubled Water ⁄ Simon & Garfunkel (70)
46.6%
With Or Without You ⁄ U2 (87)
46.6%
I Heard It Through The Grapevine ⁄ Marvin Gaye (68)
46.6%
The Sounds Of Silence ⁄ Simon & Garfunkel (66)
46.2%
Crazy Little Thing Called Love ⁄ Queen (80)
45.8%
I Want To Hold Your Hand ⁄ Beatles (64)
45.8%
Hey Ya! ⁄ OutKast (03)
45.5%
All You Need Is Love ⁄ Beatles (67)
45.3%
Help! ⁄ Beatles (65)
44.6%
Sweet Dreams (Are Made Of This) ⁄ Eurythmics (83)
44.4%
Lose Yourself ⁄ Eminem (02)
44.4%
Light My Fire ⁄ Doors (67)
44.2%
Viva La Vida ⁄ Coldplay (08)
43.8%
Rolling In The Deep ⁄ Adele (11)
43.6%
Take On Me ⁄ A-Ha (85)
43.3%
I Still Haven't Found What I'm Looking For ⁄ U2 (87)
43.2%
A Hard Day's Night ⁄ Beatles (64)
42.9%
Eye Of The Tiger ⁄ Survivor (82)
42.5%
I'm A Believer ⁄ Monkees (66)
42.2%
Come On Eileen ⁄ Dexys Midnight Runners (83)
41.9%
Stayin' Alive ⁄ Bee Gees (78)
41.9%
I Will Always Love You ⁄ Whitney Houston (92)
41.4%
% Correct
Dancing Queen ⁄ ABBA (77)
41%
I Love Rock 'N Roll ⁄ Joan Jett & The Blackhearts (82)
40.8%
My Girl ⁄ Temptations (65)
40.8%
Can't Buy Me Love ⁄ Beatles (64)
40.6%
Penny Lane ⁄ Beatles (67)
40.3%
Hello Goodbye ⁄ Beatles (67)
39.9%
Jailhouse Rock ⁄ Elvis Presley (57)
39.8%
I Will Survive ⁄ Gloria Gaynor (79)
39.8%
We Didn't Start The Fire ⁄ Billy Joel (89)
39.8%
Somebody That I Used To Know ⁄ Gotye (12)
39.7%
Don't You (Forget About Me) ⁄ Simple Minds (85)
39.6%
Ticket To Ride ⁄ Beatles (65)
39.6%
Someone Like You ⁄ Adele (11)
39.5%
I Want You Back ⁄ Jackson 5 (70)
39.5%
ABC ⁄ Jackson 5 (70)
39.3%
She Loves You ⁄ Beatles (64)
39.3%
Jump ⁄ Van Halen (84)
39.2%
Oh, Pretty Woman ⁄ Roy Orbison (64)
39.1%
Suspicious Minds ⁄ Elvis Presley (69)
39%
Time After Time ⁄ Cyndi Lauper (84)
38.9%
Man In The Mirror ⁄ Michael Jackson (88)
38.8%
Africa ⁄ Toto (83)
38.7%
Hound Dog ⁄ Elvis Presley (56)
38.6%
You Give Love A Bad Name ⁄ Bon Jovi (86)
38.6%
Money For Nothing ⁄ Dire Straits (85)
38.4%
Total Eclipse Of The Heart ⁄ Bonnie Tyler (83)
38.4%
When Doves Cry ⁄ Prince (84)
38.1%
Eight Days A Week ⁄ Beatles (65)
38.1%
I Don't Want To Miss A Thing ⁄ Aerosmith (98)
38.1%
Get Back ⁄ Beatles (69)
38%
I Get Around ⁄ Beach Boys (64)
37.7%
Bennie & The Jets ⁄ Elton John (74)
37.7%
Paperback Writer ⁄ Beatles (66)
37.5%
We Can Work It Out ⁄ Beatles (66)
37.4%
Call Me ⁄ Blondie (80)
37.3%
Like A Prayer ⁄ Madonna (89)
37%
Hit The Road Jack ⁄ Ray Charles (61)
36.8%
Jessie's Girl ⁄ Rick Springfield (81)
36.7%
The Long & Winding Road ⁄ Beatles (70)
36.6%
Daydream Believer ⁄ Monkees (67)
36.6%
Everybody Wants To Rule The World ⁄ Tears For Fears (85)
36.4%
Heart Of Glass ⁄ Blondie (79)
36.3%
Brown Sugar ⁄ Rolling Stones (71)
36.2%
% Correct
The Joker ⁄ Steve Miller Band (74)
36.1%
Crocodile Rock ⁄ Elton John (73)
35.8%
Georgia On My Mind ⁄ Ray Charles (60)
35.8%
My Sharona ⁄ Knack (79)
35.5%
Ruby Tuesday ⁄ Rolling Stones (67)
35.5%
(We're Gonna) Rock Around The Clock ⁄ Bill Haley and His Comets (55)
35.4%
Turn! Turn! Turn! (To Everything There Is A Season) ⁄ Byrds (65)
35.3%
Down Under ⁄ Men At Work (83)
35.3%
American Woman ⁄ Guess Who (70)
35%
December 1963 (Oh, What A Night) ⁄ Four Seasons (76)
35%
I Wanna Dance With Somebody (Who Loves Me) ⁄ Whitney Houston (87)
35%
Love Me Do ⁄ Beatles (64)
34.8%
Let's Dance ⁄ David Bowie (83)
34.5%
Let's Stay Together ⁄ Al Green (72)
34.2%
Hey There Delilah ⁄ Plain White T's (07)
34.2%
Poker Face ⁄ Lady GaGa (09)
34.2%
Candle In The Wind 1997 ⁄ Elton John (97)
34.1%
You've Lost That Lovin' Feelin' ⁄ Righteous Brothers (65)
34.1%
Wake Me Up Before You Go-Go ⁄ Wham! (84)
33.9%
Honky Tonk Women ⁄ Rolling Stones (69)
33.7%
What's Love Got To Do With It ⁄ Tina Turner (84)
33.7%
I Shot The Sheriff ⁄ Eric Clapton (74)
33.4%
Don't You Want Me ⁄ Human League (82)
33.2%
Gold Digger ⁄ Kanye West (05)
33.2%
Nothing Compares 2 U ⁄ Sinead O'Connor (90)
33.2%
Crazy In Love ⁄ Beyoncé (03)
33.2%
Wild Thing ⁄ Troggs (66)
33.1%
Kiss From A Rose ⁄ Seal (95)
32.7%
Hello, I Love You ⁄ Doors (68)
32.6%
Ms. Jackson ⁄ OutKast (01)
32.6%
My Heart Will Go On ⁄ Celine Dion (98)
32.5%
..Baby One More Time ⁄ Britney Spears (99)
32.3%
The Way You Make Me Feel ⁄ Michael Jackson (88)
32.3%
Shout ⁄ Tears For Fears (85)
32.2%
Call Me Maybe ⁄ Carly Rae Jepsen (12)
32.1%
Joy To The World ⁄ Three Dog Night (71)
31.9%
Waterfalls ⁄ TLC (95)
31.9%
You Ain't Seen Nothin' Yet ⁄ Bachman-Turner Overdrive (74)
31.2%
One Week ⁄ Barenaked Ladies (98)
30.6%
Ice Ice Baby ⁄ Vanilla Ice (90)
29.6%
How You Remind Me ⁄ Nickelback (01)
28.2%
With Arms Wide Open ⁄ Creed (00)
24.8%
Quiz Playlist
Details
Report
Send in Message
Add To Playlist
More Info:
THIS IS A POLL - NOT A QUIZ. Select as many songs from the list as you like.
Clickable:
Select answers by clicking on text or image buttons
Random Order:
Randomize order of answers
Last Updated: Feb 16, 2017
Editor Pick in
Music
Quiz Scoreboard
CHALLENGE
Sign Up to Join the Scoreboard
Show All
Scores
Hide
Comments
May contain spoilers
Recently Published
9x9 Crossword: Cartoon Network
by jackfrog10
Miscellaneous
3m
College Basketball Coaching Resumes
by pancakes188
Sports
9m
Billboard Blitz: Fleetwood Mac
by CooCooCachoo
Music
15s
More to Explore
Quiz From the Vault
Featured Blog Post
Where Did the Easter Bunny Come From?
hide this ad
You Might Also Like...
Tags
Clickable Quiz
Song Quiz
100
hot
Hot 100
Vote
Today's Top Quizzes in Music
Browse Music
hide this ad
Today's Top Quizzes in Clickable
Browse Clickable
Top Contributed Quizzes in Music
1
Taylor Swift All Songs (2024)
2
Guess the Artist- 70s Songs
3
7-to-1: Billboard Hot 100 #1 Hits of 2010s
4
Sorting Albums and Songs
5
Taylor Swift Logic Puzzle
6
KPOP LOGIC QUIZ
7
Guess the Taylor Swift song (Mystery Song)
8
Guess The Taylor Swift Lyrics Song #1
9
Billboard Blitz: ABBA
10
One Thing in Common: Music
Explore More
Trending Topics
Anime
NBA
Disney
Marvel
Crossword
Kpop
Harry Potter
Country
Soccer
NFL
The Office
Song
Pokémon
WWE
Puzzle
hide this ad
More By:
rockgolf
Quiz
Plays
Rating
Category
Featured
Created
The Beatles or Rebecca Black?
1,630,137
3.11
Music
May 3, 2011
Harry Potter Safe Cracker
996,396
4.43
Literature
Dec 3, 2010
Progressively Tougher World Capitals
989,636
4.60
Geography
Feb 28, 2010
Big 4 Sports Logos by Letter
902,366
4.10
Sports
Jan 23, 2010
Figure Out the Lyrics III
534,463
4.36
Music
Dec 14, 2009
Go to Creator's Profile
Score Distribution
Quiz Creator Spotlight
rockgolf
Follow
Send a Message
Quizzes Created
-
Created Quiz Play Count
-
More By This Creator
Popular Quizzes Today
1
Find the US States - No Outlines Minefield
2
Find the Countries of Europe - No Outlines Minefield
3
The Countries of the World
4
Find the US States
5
Risky Map Clicking: Biggest States A-Z
6
US States
7
Popular People in 1961
8
Movies - When Are They Set?
More Music Quizzes
K-pop- Match artist to their Surname
Quiz Lab
Trending Quizzes
Risky Map Clicking: Least Populous States A-Z
1-10 Letter G Words
1-10 Letter F Words
Risky Map Clicking: Next State Alphabetically
Adjectives in 80s TV Shows
Recently Updated
Leaping Animals
pecheneg
Reality TV Shows (A-Z)
bhenderson79
Rickey Henderson's Hall of Fame Teammates
pecheneg
Champions League XIs: Arsenal
pecheneg
Quick Pick: Celebrities in WWE's Hall of Fame
aduchscher
A-Z Keypad Blitz II
pecheneg
Multiple Oscar Actors
pecheneg
Mystery Phrase Blitz: Oscar 'Best Actors'
pecheneg
F. Scott Fitzgerald Novels
LTH
Pick 3 Villains
ddd62291
Trending Topics
Anime
Crossword
NBA
Marvel
Kpop
Disney
Harry Potter
The Office
Pokémon
Song
Soccer
WWE
NFL
Puzzle
Country
Your Account Isn't Verified!
In order to create a playlist on Sporcle, you need to verify the email address you used during registration. Go to your
Sporcle Settings
to finish the process.
Report this User
Report this user for behavior that violates our
Community Guidelines
.
Details:
Send Report
Go to the Sporcle.com Mobile Site →
Comments